000 00320nam a2200133Ia 4500
100 _aDadhe/ Jamdar/Walavalkar/ Bhattacharya
942 _cBK
654 _aApplied mechanics
245 _aFund. of Applied Mechanics
260 _bSaritha Prakashan
_aPoona
_c1973
082 _a620.1
300 _a564
546 _aENGLISH
999 _c23949
_d23949